000 00503nam a2200169Ia 4500
003 GCL
008 140319s9999 xx 000 0 ara d
040 _aGCL /
_cGCL
082 0 4 _aط
_b823.087
_bس ف
100 1 _aسارا وستيفن كورين
245 1 0 _aالفرقة السرية وقصص اخرى /
_cسارا وستيفن كورين
700 1 _aهادى الطائى
490 _aقصص عالمية
_v0
650 0 4 _aالاطفال
650 0 4 _aقصص الاطفال
942 _2ddc
_cBK
999 _c45117
_d45117